| 000 | 00534nam a22001817a 4500 | ||
|---|---|---|---|
| 003 | CEME | ||
| 005 | 20210628202338.0 | ||
| 008 | 210120b xxu||||| |||| 00| 0 eng d | ||
| 020 | _a0-13-504135-X | ||
| 040 | _cceme | ||
| 082 | _a621.3822 KAY-P | ||
| 100 |
_aKay, Steven.M _959463 |
||
| 245 | _aFundamentals of statistical signal processing : vol- ii ,detection theory | ||
| 260 |
_aUSA _bPRENTICE HALL _c1998 |
||
| 300 | _aXII,560P | ||
| 650 |
_aSIGNAL PROCESSING -STATISTICAL METHODS.DETECTION THEORY _959464 |
||
| 942 |
_cBK _2ddc |
||
| 999 |
_c569438 _d569438 |
||